01139cam a22003137a 450000500170000000800410001701000100005801100100006803500100007809000100008809000100009810000390010824501200014726000400026730000110030750200800031859000370039859000410043559000410047659000410051759000410055859000420059965000360064165000390067771000430071690100070075994900420076699900170080820220329141155.0971010s1976 r 00010 d a63839 a64811 a70939 aCH331 aTesis00aChacón Martínez, Jorge.921700 0aCaracterísticas principales de la ganadería bovina lechera en el municipio de Acámbaro, Gto., encuesta censal aChapingo, Méx. :bEl autor,c1976 a104 h. aTesis (Ing. Agrónomo Esp. en Zootecnia) -- ENA. Departamento de Zootecnia aALEPHb10c20130110lUCH01h1347 aBATCH-UPDb10c20130109lUCH01h2320 aBATCH-UPDb10c20130110lUCH01h1219 aBATCH-UPDb10c20130410lUCH01h0755 aBATCH-UPDb10c20130914lUCH01h1500 aCONVERSIONb10c20130109lUCH01h133414aGanaderíaxGuanajuato.94474214aGanado lecheroxGuanajuato.9452680 aENA. Departamento de Zootecnia.936706 aBK aCH331bZcTESBDd-3530eTS1i70939si c63839d63839